MOMENTUM HEAT AND MASS TRANSFER (Record no. 583095)

000 -LEADER
fixed length control field 00379nam a22001457a 4500
020 ## - INTERNATIONAL STANDARD BOOK NUMBER
International Standard Book Number 0-07-004667-0
082 ## - DEWEY DECIMAL CLASSIFICATION NUMBER
Classification number 660.2842 BEN'M
100 ## - MAIN ENTRY--PERSONAL NAME
Personal name MYERS, J. E,BENNETT, C. O
9 (RLIN) 77916
245 ## - TITLE STATEMENT
Title MOMENTUM HEAT AND MASS TRANSFER
250 ## - EDITION STATEMENT
Edition statement 2ND
260 ## - PUBLICATION, DISTRIBUTION, ETC.
Place of publication, distribution, etc. NEWYORK
Name of publisher, distributor, etc. MCGRAW HILL
Date of publication, distribution, etc. 1974
300 ## - PHYSICAL DESCRIPTION
Extent 810P
650 ## - SUBJECT ADDED ENTRY--TOPICAL TERM
Topical term or geographic name entry element TRANSPORT THEORY CHEMICAL ENGINEERING
9 (RLIN) 77917
942 ## - ADDED ENTRY ELEMENTS (KOHA)
Koha item type Book
Holdings
Withdrawn status Lost status Damaged status Not for loan Permanent Location Current Location Shelving location Date acquired Total Checkouts Full call number Barcode Date last seen Price effective from Koha item type
        College of Electrical & Mechanical Engineering (CEME) College of Electrical & Mechanical Engineering (CEME) General Stacks 06/13/2017   660.2842 BEN'M CEME-8661 06/28/2021 06/28/2021 Book
© 2023 Central Library, National University of Sciences and Technology. All Rights Reserved.